| 000 | 00685nam a2200241Ia 4500 | ||
|---|---|---|---|
| 003 | OSt | ||
| 005 | 20230509132405.0 | ||
| 008 | 210423s2008 xx 000 0 und d | ||
| 020 | _a978-81-8128-147-0 | ||
| 040 | _cAL | ||
| 041 | _aeng | ||
| 082 | _a515.353 RENI | ||
| 100 |
_aRENARDY(MICHAEL) ROGERS(ROBERT. C) _9100774 |
||
| 245 | _aIntroduction to partial differential equations Ed2 | ||
| 250 | _a2 | ||
| 260 |
_aNew Delhi _bSpringer Pvt Ltd _c2008 |
||
| 300 |
_axiv, 434p _bPB |
||
| 365 |
_b350 _cINR |
||
| 650 |
_aDifferential Equations _9100775 |
||
| 650 |
_aMathematics _9100776 |
||
| 906 | _adifferential ; Ed2 ; equations ; Introduction ; partial | ||
| 942 |
_2ddc _cBK |
||
| 999 |
_c165630 _d165630 |
||